[Event "2008 WA Championship"]
[Site "Legacy House"]
[Date "2008.08.03"]
[Round "5"]
[White "Boni, Christopher"]
[Black "Williams, Veronica"]
[Result "1/2-1/2"]
[WhiteElo "1391"]
[BlackElo "1059"]

1.d4 d5 2.c4 e6 3.Nc3 Nf6 4.Bg5 dxc4 5.e4 Be7 6.Nf3 Nc6 7.Bxc4 h6 8.Bf4 Bb4 
9.Qd3 Ba5 10.a3 a6 11.O-O b5 12.Bb3 Nh5 13.Be3 Bb7 14.Bc2 Ne7 15.Rac1 Bb6 
16.Rfd1 Nf6 17.h3 c6 18.Ne2 Rc8 19.b4 Ra8 1/2-1/2

[Event "2008 WA Championship"]
[Site "Legacy House"]
[Date "2008.08.03"]
[Round "5"]
[White "Laugery, Bernard"]
[Black "Vahala, Karel"]
[Result "1/2-1/2"]
[WhiteElo "1198"]
[BlackElo "1149"]

1.e4 d6 2.d4 Nf6 3.Nc3 Nc6 4.Nf3 Bg4 5.Be2 g6 6.h3 Bd7 7.O-O Bg7 8.Be3 O-O 
9.Qd2 Re8 10.a3 a6 11.Rad1 Qc8 12.Kh2 e5 13.d5 Ne7 14.Ng1 c6 15.f3 cxd5 16.Nxd5 
Nexd5 17.exd5 b5 18.c3 Nh5 19.g4 Nf6 20.Rf2 e4 21.Bf4 Qc5 22.Be3 Qc8 23.Rff1 Re5 
24.Qc1 h5 25.f4 Rxd5 26.Rxd5 Nxd5 27.Qd2 Nxe3 28.Qxe3 hxg4 29.Bxg4 Bxg4 30.hxg4 
d5 31.g5 f6 32.Qf2 Qg4 33.Qg2 Qf5 34.Qh3 Qxh3+ 35.Kxh3 f5 36.Kg3 d4 37.Ne2 d3 
38.Ng1 Rb8 39.Rd1 a5 40.Rd2 b4 41.Ne2 1/2-1/2

[Event "2008 WA Championship"]
[Site "Legacy House"]
[Date "2008.08.10"]
[Round "6"]
[White "Seah, Eddy"]
[Black "Boyd, Tristan"]
[Result "0-1"]
[WhiteElo "1896"]
[BlackElo "2276"]

1.e4 c5 2.Nf3 Nc6 3.d4 cxd4 4.Nxd4 Nf6 5.Nc3 e5 6.Ndb5 d6 7.Bg5 a6 8.Na3 b5 
9.Nd5 Be7 10.Bxf6 Bxf6 11.c3 Bg5 12.Nc2 O-O 13.a4 bxa4 14.Rxa4 a5 15.Bc4 Rb8 
16.b3 Kh8 17.h4 Bh6 18.g4 Bf4 19.Qf3 Bd7 20.Ra2 Be6 21.Qd1 Ne7 22.h5 Nxd5 
23.exd5 Bd7 24.Na3 f5 25.gxf5 Bxf5 26.Be2 Be4 27.Rf1 Qh4 28.Nc4 Qh3 29.Ne3 
Bxe3 30.fxe3 Qxe3 31.Rxa5 Rxf1+ 32.Kxf1 Rf8+ 33.Ke1 Bg2 0-1

[Event "2008 WA Championship"]
[Site "Legacy House"]
[Date "2008.08.10"]
[Round "6"]
[White "Barber, Haydn"]
[Black "Kurniawan, Stephanus"]
[Result "1-0"]
[WhiteElo "2086"]
[BlackElo "2145"]

1.e4 e6 2.d4 d5 3.Nc3 dxe4 4.Nxe4 Nf6 5.Nxf6+ Qxf6 6.Nf3 h6 7.Bd3 Nd7 8.Qe2 Bd6 
9.Bd2 Qe7 10.O-O-O Nf6 11.Ne5 Bd7 12.Qf3 Bxe5 13.dxe5 Nd5 14.Be4 c6 15.Kb1 O-O-O 
16.Qb3 f6 17.c4 Nb6 18.Be3 Kc7 19.Qc3 Nc8 20.Rd3 f5 21.Bf3 g5 22.Qa3 Qxa3 23.Rxa3 
g4 24.Be2 b6 25.c5 b5 26.h3 h5 27.Bg5 Rdg8 28.Bf6 Rh6 29.hxg4 fxg4 30.f4 gxf3 
31.Bxf3 Be8 32.Kc1 Rg3 33.Rd3 Rh7 34.Bd8+ Kb8 35.Bh4 Rg8 36.Rd8 Rd7 37.Rxe8 Rxe8 
38.Bxc6 Nb6 39.Bxd7 Nxd7 40.b4 Rg8 41.Be7 Kb7 42.Bd6 Rxg2 43.Rxh5 Rxa2 44.Rh6 Ra4 
45.Rxe6 a5 46.Rh6 Ra1+ 47.Kb2 Re1 48.e6 Ne5 49.bxa5 Nc4+ 50.Kc3 Nxa5 51.e7 Nc6 
52.Rh8 Nxe7 53.Rh7 Kc6 54.Rxe7 Rc1+ 55.Kb2 Rf1 56.Re2 b4 57.Rc2 Rf3 58.Be7 Re3 
59.Bd8 Rc3 60.Bb6 Rh3 61.Rc1 Rg3 62.Rd1 Rg2+ 63.Kb3 Kb5 64.Rd3 Re2 65.Rf3 Rg2 
66.Rf5 Rg3+ 67.Kc2 Rg2+ 68.Kd3 Rg3+ 69.Kd4 Rg4+ 70.Kd5 Rg1 71.Kd6 Rg6+ 72.Kc7 
Rg7+ 73.Kb8 Rg8+ 74.Kb7 Rg7+ 75.Bc7 b3 76.c6+ Kc4 77.Kb6 b2 78.Rc5+ Kd3 79.Rb5 1-0

[Event "2008 WA Championship"]
[Site "Legacy House"]
[Date "2008.08.10"]
[Round "6"]
[White "Hare, Tim"]
[Black "Dunlop, Gordon"]
[Result "1-0"]
[WhiteElo "1968"]
[BlackElo "1889"]

1.Nf3 d5 2.g3 g6 3.Bg2 Bg7 4.d4 c6 5.O-O Nf6 6.b3 O-O 7.Bb2 Nbd7 8.Nbd2 Re8 
9.c4 Qc7 10.Rc1 dxc4 11.bxc4 b6 12.e4 Nh5 13.e5 Bb7 14.Re1 Nf8 15.Ne4 Red8 
16.Qb3 Kh8 17.Nfg5 e6 18.Nd6 Rd7 19.d5 exd5 20.cxd5 c5 21.Nxb7 1-0

[Event "2008 WA Championship"]
[Site "Legacy House"]
[Date "2008.08.10"]
[Round "6"]
[White "Choong, Yita"]
[Black "Viswanath, Ganesh"]
[Result "0-1"]
[WhiteElo "1969"]
[BlackElo "1812"]

1.d4 Nf6 2.c4 g6 3.Nc3 Bg7 4.e4 d6 5.f4 O-O 6.Nf3 c6 7.Be2 Na6 8.O-O Nc7 
9.e5 Nd7 10.Ne4 d5 11.Ng3 dxc4 12.Bxc4 Nb6 13.Bd3 Bg4 14.Ne2 Qd7 15.h3 Be6 
16.Nh4 f5 17.exf6 Rxf6 18.Qc2 Raf8 19.Nf3 Nbd5 20.Ne5 Qd8 21.Bd2 Nxf4 22.Rxf4 
Rxf4 23.Bxf4 Rxf4 24.Nxf4 Qxd4+ 25.Qf2 Bxe5 26.Nxe6 Nxe6 27.Qxd4 Bxd4+ 28.Kf1 
Nc5 29.Bc4+ Kg7 30.Re1 e5 31.b4 Na4 32.b5 cxb5 33.Bxb5 Nc3 34.a4 a6 35.Bd7 e4 
36.Bc8 b5 37.axb5 axb5 38.Bg4 b4 39.Be6 Kf6 40.Bc4 Ke5 41.Ra1 Bc5 42.Ra8 Kd4 
43.Bb3 Nb5 44.Rb8 Nd6 45.Ke2 Kc3 46.Bd5 e3 47.g4 Nc4 48.g5 b3 49.Bg8 Nb6 
50.Bxh7 Nd5 51.Kf3 Ne7 52.h4 b2 53.h5 Bb4 54.Bxg6 Nxg6 55.hxg6 b1=Q 56.g7 Qf5+ 
0-1

[Event "2008 WA Championship"]
[Site "Legacy House"]
[Date "2008.08.10"]
[Round "6"]
[White "Vlietstra, Marc"]
[Black "Jahangirian, Mohammad"]
[Result "0-1"]
[WhiteElo "1922"]
[BlackElo "1673"]

1.e4 c5 2.Nf3 d6 3.d4 cxd4 4.Nxd4 Nf6 5.Nc3 e6 6.Bg5 a6 7.f4 Be7 8.Qf3 Qc7 
9.O-O-O Nc6 10.Nb3 b5 11.Bd3 Bb7 12.Rhe1 h6 13.Bxf6 Bxf6 14.Nd5 exd5 15.exd5+ 
Ne7 16.g4 O-O-O 17.g5 hxg5 18.fxg5 Bxg5+ 19.Kb1 Bf6 20.h3 Kb8 21.Be4 Ng6 0-1

[Event "2008 WA Championship"]
[Site "Legacy House"]
[Date "2008.08.10"]
[Round "6"]
[White "Tomic, Nedeljko"]
[Black "Dempster, Dave"]
[Result "0-1"]
[WhiteElo "1850"]
[BlackElo "1919"]

1.d4 Nf6 2.Nc3 d5 3.Bg5 Nbd7 4.e3 h6 5.Bh4 e6 6.Bd3 Be7 7.f4 c5 8.Nf3 O-O 
9.O-O Ng4 10.Bxe7 Qxe7 11.Qd2 b6 12.h3 Ngf6 13.b3 Bb7 14.Rae1 Rac8 15.Qe2 c4 
16.bxc4 dxc4 17.Bxc4 Qb4 18.Bd3 Qxc3 19.e4 Rfd8 20.Qf2 Nf8 21.Re3 Qc7 22.g3 
Qb8 23.Qh2 Rc3 24.Qd2 Rdc8 25.Ne1 Qc7 26.g4 N8h7 27.Qe2 Qd8 28.Nf3 Qc7 29.Nd2 
Rxc2 30.d5 exd5 31.e5 Rxa2 32.exf6 Nxf6 33.Bb1 Rb2 34.Bf5 Rd8 35.Qd3 d4 36.Rg3 
Qc3 37.Nc4 Qxd3 38.Bxd3 Ra2 39.Ne5 Bd5 40.g5 hxg5 41.fxg5 Ne4 42.Rg4 Nc5 43.Rxd4 
Rg2+ 44.Kh1 Rxg5+ 45.Rxd5 Rxd5 46.Bc4 Rdxe5 47.Rxf7 Kh8 48.Rf8+ Kh7 49.Rf4 Re4 
50.Rxe4 Nxe4 51.Bd3 Re5 52.Kg2 Kh6 53.Kf3 Ng5+ 54.Kf4 Rd5 55.Bf1 Rd4+ 56.Kg3 a5 
0-1

[Event "2008 WA Championship"]
[Site "Legacy House"]
[Date "2008.08.10"]
[Round "6"]
[White "Booth, Guy"]
[Black "Ellis, David"]
[Result "1/2-1/2"]
[WhiteElo "1554"]
[BlackElo "1939"]

1.e4 Nc6 2.Nf3 Nf6 3.Nc3 d5 4.e5 d4 5.Nxd4 Nxd4 6.exf6 exf6 7.Bc4 Bf5 8.d3 Bc5 
9.Be3 O-O 10.O-O Qd7 11.Ne4 Bb6 12.h3 Rad8 13.Ng3 Be6 14.Bxe6 Nxe6 15.Bxb6 axb6 
16.Qg4 Nc5 17.Qxd7 Rxd7 18.Rfe1 Ne6 19.Nf5 g6 20.Ne3 Kg7 21.a4 Ra8 22.Nc4 Nd4 
23.Ne3 f5 1/2-1/2

[Event "2008 WA Championship"]
[Site "Legacy House"]
[Date "2008.08.10"]
[Round "6"]
[White "Holland, Dennis"]
[Black "Cuellar, Chris"]
[Result "1-0"]
[WhiteElo "1792"]
[BlackElo "1556"]

1.d4 Nf6 2.Nf3 g6 3.Nbd2 d5 4.e3 Bg4 5.Bd3 c5 6.c3 cxd4 7.exd4 Bg7 8.Qb3 Bxf3 
9.Nxf3 Qc7 10.Bf4 Qc8 11.c4 Qe6+ 12.Kf1 Nbd7 13.cxd5 Qb6 14.Bc4 Ne4 15.Bb5 Nd6 
16.Bxd7+ Kxd7 17.Qxb6 axb6 18.Ne5+ Bxe5 19.dxe5 Nf5 20.g4 Ra4 21.e6+ fxe6 22.Be5 
Ne3+ 23.fxe3 Rf8+ 24.Ke2 Rxg4 25.dxe6+ Kxe6 26.Bg3 h5 27.Rhf1 Rc8 28.Rac1 Rxc1 
29.Rxc1 h4 30.Bf2 Rg2 31.h3 Rh2 32.Rc4 g5 33.Kf3 Rxh3+ 34.Kg2 1-0

[Event "2008 WA Championship"]
[Site "Legacy House"]
[Date "2008.08.10"]
[Round "6"]
[White "Sam, Ryan"]
[Black "Johnstone, Ray"]
[Result "1/2-1/2"]
[WhiteElo "1595"]
[BlackElo "1758"]

1.e4 e5 2.Nf3 Nc6 3.Bb5 a6 4.Ba4 Nf6 5.O-O b5 6.Bb3 Be7 7.Re1 O-O 8.Bd5 Bb7 
9.Nxe5 Nxd5 10.Nxc6 Bxc6 11.exd5 Bxd5 12.Nc3 Bb7 13.d4 Bd6 14.Ne4 Bxh2+ 15.Kxh2 
Qh4+ 16.Kg1 Bxe4 17.Qe2 f5 18.f3 Rae8 19.fxe4 Rxe4 20.Be3 f4 21.Bf2 Rxe2 22.Bxh4 
Rxc2 23.b3 f3 24.gxf3 g5 25.Bxg5 Rxf3 26.Bh4 Rf4 27.Bg3 Rf3 28.Be5 d6 29.Rec1 Re2 
30.Bxd6 cxd6 31.Rc6 Rff2 32.Rxa6 Rg2+ 33.Kh1 Rh2+ 34.Kg1 Rhg2+ 35.Kh1 Rh2+ 36.Kg1 
Rhg2+ 1/2-1/2

[Event "2008 WA Championship"]
[Site "Legacy House"]
[Date "2008.08.10"]
[Round "6"]
[White "Orssengo, Girma"]
[Black "Pavlovic, Mick"]
[Result "1-0"]
[WhiteElo "1600"]
[BlackElo "1518"]

1.d4 Nf6 2.Bg5 g6 3.Nd2 Bg7 4.e3 b6 5.f4 Bb7 6.Bxf6 exf6 7.Ngf3 Qe7 8.Qe2 f5 
9.O-O-O Na6 10.Ne5 Nb4 11.Kb1 d6 12.Qb5+ c6 13.Qxb4 dxe5 14.Qxe7+ Kxe7 15.fxe5 
Bh6 16.Re1 Rhd8 17.Nc4 c5 18.Nd6 Be4 19.Nxe4 fxe4 20.c3 Rac8 21.Ba6 Rc7 22.h4 
cxd4 23.exd4 e3 24.g4 f5 25.exf6+ Kxf6 26.g5+ Bxg5 27.hxg5+ Kxg5 28.Rxe3 h5 
29.Bd3 Rd6 30.Rg3+ Kh6 31.Rhg1 Rg7 32.Rg5 Rf6 33.Be2 h4 34.Bd3 Rd6 35.a4 Rf6 
36.b4 Rc6 37.c4 Rd6 38.d5 Rg8 39.c5 bxc5 40.bxc5 Rf6 41.d6 Rf3 42.Rxg6+ Rxg6 
43.Rxg6+ Kh5 44.Be2 Kxg6 45.Bxf3 Kf7 46.Bg4 Ke8 47.c6 h3 48.Bxh3 a5 49.c7 1-0

[Event "2008 WA Championship"]
[Site "Legacy House"]
[Date "2008.08.10"]
[Round "6"]
[White "Yeung, Evan"]
[Black "Williams, Veronica"]
[Result "1/2-1/2"]
[WhiteElo "1222"]
[BlackElo "1059"]

1.e4 e6 2.d4 d5 3.exd5 exd5 4.Nf3 Nf6 5.Bb5+ Nc6 6.Bf4 Bd7 7.O-O Be7 8.Re1 a6 
9.Ba4 O-O 10.c3 Bg4 11.Qd3 Bh5 12.Bc2 Bg6 13.Qd2 Bxc2 14.Qxc2 Nh5 15.Be3 h6 
16.Qf5 Nf6 17.Nbd2 Qd7 18.Qd3 Rfe8 19.Nf1 Bd6 20.Nh4 Qg4 21.Nf5 Qg6 22.Rad1 Re6 
23.Nxd6 Qxd3 24.Rxd3 cxd6 25.Rd2 Rae8 26.Rde2 Ng4 27.Ng3 Kf8 28.h3 Nxe3 29.Rxe3 
Rxe3 30.Rxe3 Rxe3 31.fxe3 g6 32.Kf2 f5 33.Kf3 Kf7 34.Kf4 Nd8 35.h4 Ne6+ 36.Kf3 
Kf6 37.a3 b6 38.b3 g5 39.hxg5+ Kxg5 40.Ne2 b5 41.Nf4 Nc7 42.g3 a5 43.b4 a4 44.Nh3+ 
Kf6 45.Nf4 Kf7 46.g4 Kf6 47.Nh3 Ne6 48.Nf4 Ng5+ 49.Ke2 fxg4 50.Nxd5+ Kg6 51.Nc7 
Ne4 52.Nxb5 h5 53.Nc7 h4 54.b5 Nxc3+ 55.Kf2 g3+ 56.Kg2 Nd1 57.b6 Nxe3+ 58.Kg1 h3 
59.b7 Ng4 60.b8=Q h2+ 61.Kg2 Nf2 62.Qg8+ Kf6 63.Qd8+ Kf5 64.Qf8+ Ke4 65.Qa8+ Kxd4 
66.Qxa4+ Ke5 67.Qa5+ Kd4 68.Qd2+ Kc5 69.Ne6+ Kc6 70.Nd4+ Kd7 71.Qh6 h1=Q+ 72.Qxh1 
Nxh1 73.Kxh1 d5 74.Kg2 Kd6 75.Kxg3 Kc5 1/2-1/2

[Event "2008 WA Championship"]
[Site "Legacy House"]
[Date "2008.08.10"]
[Round "6"]
[White "Saroha, Chirag"]
[Black "Williams, William"]
[Result "1-0"]
[WhiteElo "1164"]
[BlackElo "1020"]

1.e4 c5 2.Nf3 d6 3.d4 cxd4 4.Nxd4 Nc6 5.Be3 Nf6 6.Nc3 g6 7.f3 Bg7 8.Qd2 O-O 
9.h4 Nh5 10.Nxc6 bxc6 11.g4 Ng3 12.Rh2 Nxf1 13.Kxf1 c5 14.h5 Rb8 15.Bh6 Be5 
16.f4 Bg7 17.Bxg7 Kxg7 18.hxg6 fxg6 19.f5 Rf7 20.Kg1 gxf5 21.gxf5 Kh8 22.Rg2 
Rxb2 23.Na4 Rb5 24.Nc3 Rb4 25.a3 Rd4 26.Qe3 Bb7 27.Rb1 Qd7 28.Ne2 Rxe4 29.Qxe4 
Bxe4 30.Rb8+ 1-0

[Event "2008 WA Championship"]
[Site "Legacy House"]
[Date "2008.08.10"]
[Round "6"]
[White "Laugery, Bernard"]
[Black "Carolin-Unkovich, George"]
[Result "1/2-1/2"]
[WhiteElo "1198"]
[BlackElo "929"]

1.e4 c6 2.d4 d5 3.exd5 cxd5 4.Nf3 Bg4 5.Be2 Nc6 6.c3 e6 7.Bf4 Nf6 8.Ne5 Nxe5 
9.Bxe5 Bxe2 10.Qxe2 Bd6 11.Bxd6 Qxd6 12.Qb5+ Qc6 13.Qb3 O-O 14.Nd2 b5 15.O-O a6 
16.f3 Nd7 17.Kh1 Nb6 18.Rfe1 Rab8 19.a3 Nc4 20.Rad1 Qc7 21.g3 Qe7 22.Qc2 Qg5 
23.Nxc4 bxc4 24.Re5 Qf6 25.f4 Rb7 26.Qg2 Rfb8 27.Rd2 Qg6 28.Re1 Rb3 29.Ra1 a5 
30.Re2 a4 31.Rd2 Qf5 32.h3 h6 33.Kh2 g6 34.Re2 h5 35.Rf1 Qf6 36.Rd2 Kg7 37.Re2 
Rh8 38.h4 Qf5 39.Re5 Qf6 40.Re2 Rhb8 41.Rd2 Qf5 42.Re2 Qg4 43.Rff2 Qf5 44.Rc2 
Qd3 45.Rfd2 Qf5 46.Rf2 Qg4 47.Rfd2 Kf8 48.Qf2 Ke7 49.Re2 R8b6 50.Rcd2 Qf5 51.Rc2 
Qd3 52.Red2 Qe4 53.Re2 Qf5 54.Red2 Qf6 55.Re2 Qg7 56.Qg2 Kf8 57.Qf2 Kg8 58.Qg2 
Rb7 59.Qh3 Re7 60.Re5 Reb7 61.Ree2 R3b6 62.Kg2 Re7 63.Kh2 f6 64.Qg2 Rd6 65.Qh3 
1/2-1/2

[Event "2008 WA Championship"]
[Site "Legacy House"]
[Date "2008.08.17"]
[Round "7"]
[White "Boyd, Tristan"]
[Black "Barber, Haydn"]
[Result "1/2-1/2"]
[WhiteElo "2276"]
[BlackElo "2086"]

1.d4 Nf6 2.c4 c5 3.d5 e6 4.Nc3 exd5 5.cxd5 d6 6.e4 g6 7.h3 Bg7 8.Bd3 a6 9.a4 O-O 
10.Nf3 Nbd7 11.O-O Rb8 12.Bf4 Qc7 13.Re1 Re8 14.Rc1 Nh5 15.Be3 Ne5 16.Nxe5 Bxe5 
17.Qd2 f5 18.exf5 gxf5 19.f4 Bg7 20.Bf2 Qf7 21.Rxe8+ Qxe8 22.Re1 Qf7 23.Bh4 Bf6 
24.Bxf6 Qxf6 25.Be2 Ng7 26.Bf3 Bd7 1/2-1/2

[Event "2008 WA Championship"]
[Site "Legacy House"]
[Date "2008.08.17"]
[Round "7"]
[White "Jahangirian, Mohammad"]
[Black "Hare, Tim"]
[Result "0-1"]
[WhiteElo "1673"]
[BlackElo "1968"]

1.e4 g6 2.g3 Bg7 3.Bg2 c5 4.Nc3 Nc6 5.d3 Rb8 6.Be3 d6 7.f4 e6 8.Nf3 Nge7 9.O-O O-O 
10.Kh1 b5 11.d4 d5 12.Ne5 cxd4 13.Bxd4 Nxd4 14.Qxd4 b4 15.Nd1 f6 16.Nd3 dxe4 17.Qxe4 
Qd6 18.Qe3 Bb7 19.Bxb7 Rxb7 20.Nc5 Rb6 21.Nd3 Rc8 22.Qf2 Qd5+ 23.Kg1 f5 24.Ne3 Qe4 25.Ne5 
Bxe5 26.fxe5 Qxe5 27.b3 Qc5 28.Nc4 Qxf2+ 29.Kxf2 Rbc6 30.Rfe1 Nd5 31.Re2 Nf6 32.a4 e5 
33.Nxe5 Rxc2 34.Nc4 Ng4+ 35.Ke1 Rxe2+ 36.Kxe2 Nxh2 37.Rd1 Re8+ 38.Kf2 Ng4+ 39.Kf3 Ne5+ 
40.Nxe5 Rxe5 41.Rd8+ Kf7 42.Rd7+ Re7 43.Rd4 a5 44.Rd5 Ra7 45.Kf4 Ke6 46.Rb5 h6 47.Rc5 g5+ 
48.Kf3 Ra6 49.g4 f4 50.Ke4 Kf6 51.Rf5+ Kg6 52.Re5 h5 53.gxh5+ Kxh5 54.Kf3 Rc6 55.Rxa5 Rc3+ 
56.Kg2 Kg4 57.Re5 Rxb3 58.a5 Rb2+ 59.Kf1 Ra2 60.Rb5 b3 61.Rxb3 Rxa5 62.Rb2 f3 63.Kf2 Rf5 
64.Rb3 Kh4 65.Rb4+ g4 66.Kg1 Kg3 67.Rb2 Rc5 68.Rb1 Re5 69.Kh1 Kf4 70.Kg1 g3 0-1

[Event "2008 WA Championship"]
[Site "Legacy House"]
[Date "2008.08.17"]
[Round "7"]
[White "Viswanath, Ganesh"]
[Black "Kurniawan, Stephanus"]
[Result "0-1"]
[WhiteElo "1812"]
[BlackElo "2145"]

1.c4 g6 2.Nc3 Bg7 3.d4 Nf6 4.e4 d6 5.Be2 O-O 6.Bg5 Nbd7 7.Qd2 Re8 8.h4 c5 9.d5 b5 
10.cxb5 a6 11.h5 axb5 12.hxg6 hxg6 13.Bh6 Bh8 14.Bxb5 Ba6 15.f3 Bxb5 16.Nxb5 Qb8 17.a4 
Nb6 18.b3 Nxe4 19.fxe4 Bxa1 20.Nc3 f6 21.Nge2 Kf7 22.Nf4 Nc4 23.Qc2 Ne5 24.Ne6 Rh8 
25.Rh3 Qb4 26.Nc7 Bxc3+ 27.Rxc3 Rac8 28.Bd2 Rxc7 29.Rh3 Qb8 0-1

[Event "2008 WA Championship"]
[Site "Legacy House"]
[Date "2008.08.17"]
[Round "7"]
[White "Dempster, Dave"]
[Black "Seah, Eddy"]
[Result "0-1"]
[WhiteElo "1919"]
[BlackElo "1896"]

1.e4 e5 2.Nf3 Nc6 3.d4 exd4 4.Nxd4 Bc5 5.Be3 Qf6 6.c3 Nge7 7.Bc4 d6 8.O-O Ne5 9.Be2 Qg6 
10.Bh5 Qxe4 11.Nd2 Qh4 12.Be2 Bd7 13.b4 Bb6 14.N2f3 Qf6 15.Qd2 h6 16.a4 c6 17.a5 Bc7 
18.a6 b6 19.Rfd1 Rd8 20.Re1 O-O 21.c4 Rfe8 22.Bf4 N7g6 23.Bg3 Bb8 24.b5 c5 25.Nc2 Be6 
26.Ne3 Nf4 27.Bxf4 Qxf4 28.Qc2 d5 29.Nxe5 Bxe5 30.g3 Qf6 31.Rac1 Bd4 32.Bd3 Bxe3 33.Rxe3 
dxc4 34.Bxc4 Bxc4 35.Rxe8+ Rxe8 36.Qxc4 Qe5 37.Rd1 Re7 38.Rd8+ Kh7 39.Qd3+ g6 40.Ra8 f5 
41.Qd8 Qg7 42.Rb8 Rf7 43.Qd5 Qf6 44.Rb7 Kg7 45.Qc6 g5 46.Qc8 f4 47.g4 Qa1+ 48.Kg2 f3+ 
49.Kh3 Qf1+ 0-1

[Event "2008 WA Championship"]
[Site "Legacy House"]
[Date "2008.08.17"]
[Round "7"]
[White "Dunlop, Gordon"]
[Black "Booth, Guy"]
[Result "1-0"]
[WhiteElo "1889"]
[BlackElo "1554"]

1.e4 e5 2.Nf3 d6 3.Bc4 Bg4 4.O-O Nf6 5.c3 Be7 6.d4 Nbd7 7.b4 O-O 8.Nbd2 c6 9.a4 d5 
10.Be2 Bxf3 11.Nxf3 Nxe4 12.Qc2 exd4 13.Nxd4 Nd6 14.Re1 Bf6 15.Bd3 h6 16.Bf4 Nb6 17.Re3 
Nbc4 18.Rh3 Bg5 19.Bg3 Qf6 20.Nf3 Rfe8 21.Rd1 Bf4 22.Nd4 Bxg3 23.Rxg3 Re7 24.Rf3 Qg5 
25.Nf5 Nxf5 26.Rxf5 Qg4 27.g3 g5 28.Kg2 Qh5 29.h4 Re5 30.hxg5 Rxf5 31.Bxf5 Qxg5 32.Rd4 
Qf6 33.Rf4 Qd6 34.Bh7+ Kf8 35.Qf5 Ne5 36.Qh5 Ke7 37.Qh4+ Kd7 38.Rf6 Qe7 39.Bf5+ Kc7 
40.Qxh6 Rg8 41.Qh4 Kb8 42.Rh6 Qf8 43.Qf4 f6 44.Bh3 Ka8 45.Rxf6 Qb8 46.Re6 Re8 47.Qf5 
Rxe6 48.Qxe6 Nc4 49.Qc8 Qxc8 50.Bxc8 Nb6 51.Be6 Nxa4 52.g4 Nxc3 53.g5 d4 54.g6 Ne4 
55.g7 Nf6 56.f4 Kb8 57.Kf3 Kc7 58.g8=Q Nxg8 59.Bxg8 Kd7 60.Ke4 Ke7 61.Kxd4 b6 62.Bb3 
Kf6 63.Bc2 a5 64.bxa5 bxa5 65.Kc4 Ke6 66.Kb3 Kd6 67.Ka4 Kd5 68.Kxa5 Kd6 69.Kb6 c5 70.f5 
c4 71.Kb5 Kd5 72.Kb4 c3 73.Kxc3 Ke5 74.Kd2 Kf6 75.Ke3 Ke5 76.Kf3 Kf6 77.Kf4 1-0

[Event "2008 WA Championship"]
[Site "Legacy House"]
[Date "2008.08.17"]
[Round "7"]
[White "Holland, Dennis"]
[Black "Vlietstra, Marc"]
[Result "0-1"]
[WhiteElo "1792"]
[BlackElo "1922"]

1.Nf3 c5 2.b3 Nc6 3.Bb2 Nf6 4.e3 g6 5.d4 d5 6.c4 Bg7 7.dxc5 Qa5+ 8.Bc3 Qxc5 9.cxd5 Nb4 
10.Bd3 Nbxd5 11.Bd4 Qa5+ 12.Qd2 Qxd2+ 13.Kxd2 O-O 14.Na3 Rd8 15.Ke2 Nb4 16.Nb5 Nxd3 
17.Nc7 Bf5 18.Nxa8 Rxa8 19.Nh4 Nb4 20.Nxf5 gxf5 21.Rhc1 Nc6 22.Bb2 e5 23.Rd1 Kf8 24.b4 
a6 25.a4 e4 26.Rd6 Ne8 27.Bxg7+ Nxg7 28.Rb1 Ke7 29.Rh6 Ne6 30.b5 axb5 31.Rxb5 Ned8 
32.Rxh7 Rxa4 33.h4 Ra5 34.Rb1 b5 35.h5 b4 36.Rh8 Ra2+ 37.Kf1 Kf6 38.Rg8 Ne6 39.h6 Ng5 
40.Rd1 Ne7 41.Rb8 Ra6 42.Rxb4 Ng8 43.Rdb1 Nxh6 44.Rb6+ Rxb6 45.Rxb6+ Ne6 46.Ke2 Ng4 
47.f4 Kg7 48.Rb5 Kg6 49.Rb6 Nh6 50.Ra6 Kg7 51.Rb6 Nc7 52.Rc6 Nd5 53.Rc4 Ng4 54.Rc6 Ndxe3 
55.g3 Nd5 56.Rc8 Ndf6 57.Rc1 e3 58.Kf3 Ne4 59.Ra1 Nd2+ 60.Ke2 Nb3 61.Ra4 Nc1+ 62.Kd1 e2+ 
63.Kd2 Ne3 64.Ra8 Ng2 0-1

[Event "2008 WA Championship"]
[Site "Legacy House"]
[Date "2008.08.17"]
[Round "7"]
[White "Ellis, David"]
[Black "Tomic, Nedeljko"]
[Result "1-0"]
[WhiteElo "1939"]
[BlackElo "1850"]

1.e4 e5 2.Nf3 d6 3.d4 Nd7 4.Bc4 c6 5.O-O Nb6 6.Bb3 Qc7 7.Ng5 Nh6 8.f4 exd4 9.c3 Bg4 
10.Qxd4 O-O-O 11.a4 c5 12.Qf2 a5 13.h3 Bd7 14.Bxf7 Bxa4 15.Be6+ Kb8 16.b4 Bb5 17.bxa5 
Nc4 18.Qe2 d5 19.Bxd5 Rxd5 20.exd5 Nf5 21.Qe6 Ncd6 22.Rf2 h6 23.Nf3 Be7 24.Na3 Bd7 
25.Qe1 Bf6 26.Rb2 g5 27.a6 b6 28.Rab1 Nc8 29.Ne5 Ba4 30.Nac4 Ka7 31.Nxb6 Nxb6 32.Rxb6 
Qxb6 33.Rxb6 Kxb6 34.Nc4+ Kc7 35.Qe6 Rc8 36.Qb6+ Kd7 37.Qb7+ Kd8 38.a7 Bd7 1-0

[Event "2008 WA Championship"]
[Site "Legacy House"]
[Date "2008.08.17"]
[Round "7"]
[White "Johnstone, Ray"]
[Black "Saroha, Chirag"]
[Result "1/2-1/2"]
[WhiteElo "1758"]
[BlackElo "1164"]

1.e4 e5 2.Nf3 Nc6 3.Bc4 Nf6 4.Ng5 d5 5.exd5 Na5 6.Bb5+ c6 7.dxc6 bxc6 8.Bd3 h6 9.Ne4 Nxe4 
10.Bxe4 Qd4 11.Qf3 Bd7 12.O-O Be7 13.c3 Qd6 14.b4 Nc4 15.d3 Nb6 16.Qg3 O-O 17.f4 Bf6 18.Be3 
Nd5 19.Bc5 Nxf4 20.Bxd6 Ne2+ 21.Kf2 Nxg3 22.Kxg3 Rfe8 23.Kf2 Bg5 24.Kg1 g6 25.b5 Rac8 26.g4 
Re6 27.bxc6 Rxd6 28.cxd7 Rxd7 29.a4 Rb8 30.Ra2 Rc7 31.c4 Rcc8 32.Bd5 Bf4 33.Be4 Rb3 34.Nd2 
Rb6 35.a5 Rbb8 36.Rb1 Bxd2 37.Rxb8 1/2-1/2

[Event "2008 WA Championship"]
[Site "Legacy House"]
[Date "2008.08.17"]
[Round "7"]
[White "Vahala, Karel"]
[Black "Sam, Ryan"]
[Result "0-1"]
[WhiteElo "1149"]
[BlackElo "1595"]

1.d4 d5 2.Nf3 Nc6 3.e3 Bg4 4.Bd3 Qd7 5.Nbd2 Nf6 6.O-O O-O-O 7.c3 Re8 8.b4 e5 9.Be2 e4 
10.Ne5 Nxe5 11.dxe5 Bxe2 12.Qxe2 Rxe5 13.f4 Re8 14.a4 Bd6 15.Nb3 h5 16.h3 h4 17.a5 a6 
18.Nd4 c6 19.Bd2 Bb8 20.c4 dxc4 21.Qxc4 Qd5 22.Qc2 Ba7 23.Bc3 Bxd4 24.Bxd4 Nh5 25.Bb6 Qd3 
26.Qc5 Ng3 27.Rfd1 Rh5 28.Rxd3 Rxc5 29.Bxc5 exd3 30.Rd1 Rd8 31.Kf2 Ne4+ 32.Kf3 Nxc5 33.bxc5 
Rd5 34.e4 Rxc5 35.Rxd3 Rxa5 36.e5 Rd5 37.Re3 Kd7 38.Kg4 Rd2 39.Kf3 a5 40.f5 b5 41.g3 hxg3 
42.Kxg3 a4 43.Kf4 b4 44.e6+ Ke7 45.Kg5 f6+ 46.Kg6 b3 47.Rc3 b2 48.Rxc6 b1=Q 49.Rc7+ Kd8 
50.Kf7 Kxc7 51.e7 Rd7 0-1

[Event "2008 WA Championship"]
[Site "Legacy House"]
[Date "2008.08.17"]
[Round "7"]
[White "Pavlovic, Mick"]
[Black "Yeung, Evan"]
[Result "1-0"]
[WhiteElo "1518"]
[BlackElo "1222"]

1.d4 d5 2.Nf3 Nf6 3.c4 e6 4.Nc3 c5 5.cxd5 exd5 6.Bg5 Be7 7.e3 cxd4 8.Nxd4 Nc6 9.Qa4 Qb6 
10.Bxf6 Bxf6 11.Nxd5 Qd8 12.Nxf6+ Qxf6 13.Bb5 Bd7 14.Rd1 O-O 15.Bxc6 Bxc6 16.Nxc6 bxc6 
17.Qd4 Qg5 18.O-O Rfd8 19.Qc3 Qb5 20.h3 h6 21.Rxd8+ Rxd8 22.Rc1 Rd6 23.b3 Rg6 24.Qc4 Qg5 
25.Qe4 Re6 26.Qf4 Qa5 27.a4 Qb6 28.b4 Rf6 29.Qc4 Qd8 30.b5 cxb5 31.Qxb5 Qd2 32.Rc8+ Kh7 
33.Qb1+ g6 34.Rc2 Qa5 35.Rc4 Rb6 36.Qe4 Qe1+ 37.Kh2 Qxf2 38.Qf4 Rf6 39.Qxf2 Rxf2 40.Rc7 Kg7 
41.Rxa7 Ra2 42.Kg3 Kf6 43.a5 Ra3 44.Kf3 Ke6 45.a6 Ra5 46.Ra8 Ke7 47.a7 f6 48.g4 g5 49.Rh8 1-0

[Event "2008 WA Championship"]
[Site "Legacy House"]
[Date "2008.08.17"]
[Round "7"]
[White "Williams, Veronica"]
[Black "Carolin-Unkovich, George"]
[Result "1-0"]
[WhiteElo "1059"]
[BlackElo "929"]

1.e4 c6 2.Nc3 d5 3.exd5 cxd5 4.d4 Nf6 5.Nf3 Nc6 6.a3 Bg4 7.Be2 h6 8.h3 Bf5 9.Bd3 Bxd3 
10.Qxd3 e6 11.Bf4 Nh5 12.Bh2 Bd6 13.Bxd6 Qxd6 14.Qe3 a6 15.Rc1 O-O 16.Ne5 Nxe5 17.dxe5 
d4 18.exd6 dxe3 19.fxe3 Rfd8 20.Rd1 Rd7 21.e4 Rad8 22.e5 f6 23.exf6 Nxf6 24.O-O Rxd6 
25.Rxd6 Rxd6 26.Re1 Kf7 27.Kf2 Rd2+ 28.Re2 Rxe2+ 29.Kxe2 e5 30.Kd3 Ke6 31.Ne4 b6 32.Nxf6 
gxf6 33.g4 f5 34.gxf5+ Kxf5 35.Ke3 e4 36.c4 Ke5 37.b4 a5 38.bxa5 bxa5 39.a4 h5 40.h4 Kd6 
41.Kxe4 Kc5 42.Kf5 Kxc4 43.Kg5 Kb4 44.Kxh5 Kxa4 45.Kg5 Kb4 46.h5 a4 47.h6 a3 48.h7 a2 
49.h8=Q Kb3 50.Qa1 Ka3 51.Kf4 Kb3 52.Ke3 Ka3 53.Kd3 Kb3 54.Kd2 Ka3 55.Kc3 Ka4 56.Qxa2+ 
Kb5 57.Qc4+ Ka5 58.Qb3 Ka6 59.Kc4 Ka7 60.Kc5 Ka8 61.Kc6 Ka7 62.Qb7# 1-0

[Event "2008 WA Championship"]
[Site "Legacy House"]
[Date "2008.08.17"]
[Round "7"]
[White "Williams, William"]
[Black "Laugery, Bernard"]
[Result "0-1"]
[WhiteElo "1020"]
[BlackElo "1198"]

1.d4 d5 2.c4 dxc4 3.e3 Nd7 4.Bxc4 Nb6 5.Bd3 e6 6.Bd2 Nf6 7.Nf3 h6 8.Nc3 Be7 9.Rc1 c6 
10.h3 O-O 11.O-O Nbd7 12.Rc2 Re8 13.Qc1 Kh8 14.Ne2 Nf8 15.Ne5 Kg8 16.a3 Bd6 17.Nc4 Qd7 
18.Nxd6 Qxd6 19.Bb4 Qd7 20.Rd1 Qd8 21.Qd2 Bd7 22.Bd6 Bc8 23.Bb4 Bd7 24.Bd6 Bc8 25.Bb4 Bd7 
26.e4 N6h7 27.Qf4 Ng6 28.Qg3 Rc8 29.e5 Qg5 30.Bxg6 fxg6 31.Qf3 Qf5 32.Qf4 Qxc2 0-1

[Event "2008 WA Championship"]
[Site "Legacy House"]
[Date "2008.08.24"]
[Round "8"]
[White "Hare, Tim"]
[Black "Barber, Haydn"]
[Result "0-1"]
[WhiteElo "2086"]
[BlackElo "1968"]

1.c4 d6 2.Nc3 e5 3.g3 Nc6 4.Bg2 f5 5.e3 Nf6 6.Nge2 Be7 7.d3 O-O 8.a3 Qe8 9.Nd5 Bd8 
10.Nec3 Kh8 11.Bd2 Qg6 12.Nxf6 Bxf6 13.Qc2 Nd8 14.O-O-O Ne6 15.Rdg1 c6 16.g4 fxg4 
17.h3 Nc5 18.Ne4 Bf5 19.hxg4 Bxe4 20.Bxe4 Nxe4 21.dxe4 Bg5 22.Rh2 Rf3 23.Kb1 Raf8 
24.Be1 h6 25.Rh5 Kg8 26.Rg2 Qf6 27.c5 d5 28.exd5 cxd5 29.Qb3 Qc6 30.Rgh2 R8f7 31.Qc2 
Rc7 32.Rxg5 hxg5 33.Qh7+ Kf7 34.Ka1 Rc8 35.Bc3 Qg6 36.Bxe5 Rxc5 37.Qh8 Rc1+ 38.Ka2 Qb1+ 
39.Kb3 Qc2+ 40.Ka2 Qc4+ 41.b3 Qc2+ 0-1

[Event "2008 WA Championship"]
[Site "Legacy House"]
[Date "2008.08.24"]
[Round "8"]
[White "Kurniawan, Stephanus"]
[Black "Boyd, Tristan"]
[Result "0-1"]
[WhiteElo "2145"]
[BlackElo "2276"]

1.e4 c5 2.Nc3 Nc6 3.g3 g6 4.Bg2 Bg7 5.d3 d6 6.Be3 e5 7.Nge2 Nge7 8.O-O O-O 9.Qd2 Nd4 
10.Kh1 Be6 11.Nd5 Nxe2 12.Qxe2 Nxd5 13.exd5 Bd7 14.f4 Qe7 15.Qd2 Rfe8 16.fxe5 Qxe5 
17.Rae1 Qxb2 18.Qf2 f5 19.Rb1 Qxa2 20.Rxb7 Re7 21.Bxc5 Rc8 22.Rxa7 Qb2 23.c4 Rxc5 
24.Qxb2 Bxb2 25.Ra6 Bd4 26.Rb1 Rc8 27.Bf1 Bc5 28.Rd1 f4 29.h3 fxg3 30.d4 Bb4 31.Rb6 
Be1 32.Rxd6 Rf8 33.Bg2 Re2 34.Rxd7 Rf1+ 0-1